| 000 | 00000nam 2200000za 4500 |
| 001 | 9.641749 |
| 003 | CaOODSP |
| 005 | 20220912143928 |
| 007 | cr ||||||||||| |
| 008 | 150407|2013||||xxc|||||o f|0| 0 fre d |
| 020 | |a978-0-660-20839-8 |
| 040 | |aCaOODSP|bfre |
| 043 | |an-cn--- |
| 086 | 1 |aIu54-34/2013F-PDF |
| 110 | 1 |aCanada. |bBureau de la concurrence. |
| 245 | 10|aGuide du Bureau de la concurrence sur la tarification et les normes de service relatives aux fusions et aux services connexes |h[ressource électronique] |
| 246 | 1 |aBulletin |
| 260 | |aOttawa - Ontario : |bIndustrie Canada. |c2013. |
| 300 | |a25p.|btableaux |
| 500 | |a« En vigueur le 1er novembre 2010. Cette publication remplace la publication suivante du Bureau de la concurrence : Bulletin - Guide sur la tarification et les normes de service relatives aux fusions, 31 mai 2010 ». |
| 590 | |a13-17|b2013-04-26 |
| 691 | 07|aFusion|2gcpds |
| 775 | 08|tCompetition Bureau fees and service standards handbook for mergers and merger-related matters |w(CaOODSP)9.697725 |
| 794 | |tGuide du Bureau de la concurrence sur la tarification et les normes de service relatives aux fusions et aux services connexes |w(CaOODSP)9.841700 |
| 795 | |tGuide du Bureau de la concurrence sur la tarification et les normes de service relatives aux fusions et aux services connexes |w(CaOODSP)9.640178 |
| 856 | 40|ahttp://publications.gc.ca|qPDF|s297 Ko|uhttps://publications.gc.ca/collections/collection_2013/ic/Iu54-34-2013-fra.pdf |